000 00614nam a22001697a 4500
008 211203b ||||| |||| 00| 0 eng d
020 _a 0800628837
050 _aBT93
_b .S35 1996
100 _aSoulen, R. Kendall,
245 _aThe God of Israel and Christian theology /
_c R. Kendall Soulen.
260 _a Minneapolis :
_bFortress Press,
_c1996.
300 _a xii, 195 p. ;
_c22 cm.
500 _aIncludes bibliographical references (p. 178-190) and index.
650 _aJudaism (Christian theology)
_xHistory of doctrines.
650 _aChristianity and other religions
_xJudaism.
942 _2lcc
_cBK
999 _c57254
_d57254